| 000 | 00436nam a22001697a 4500 | ||
|---|---|---|---|
| 003 | OSt | ||
| 005 | 20220203114458.0 | ||
| 008 | 220203b |||||||| |||| 00| 0 eng d | ||
| 020 | _a978-1-4327-1620-2 | ||
| 040 |
_aDDC _cHU |
||
| 082 |
_21ST _a617.51 _b8 |
||
| 100 |
_aLARRY AND BETH JAMESON _929637 |
||
| 245 | _aBRAIN INJURY SURVIVOR'S GUIDE | ||
| 250 | _a1ST | ||
| 260 |
_aCOLORADO _bOUTSKIRTS PRESS,INC _c2008 |
||
| 942 |
_2ddc _cBOOKS _n0 |
||
| 999 |
_c29157 _d29157 |
||